| 000 | 00634nam a22001697a 4500 | ||
|---|---|---|---|
| 003 | MACL | ||
| 005 | 20160324151645.0 | ||
| 008 | 160324b xxu||||| |||| 00| 0 eng d | ||
| 040 | _cMACL | ||
| 041 | _aHindi | ||
| 082 | _a181 | ||
| 100 |
_aडॉ शिखा अग्रवाल _948340 |
||
| 245 | _aस्वामी विवेकानन्द और सांस्कृतिक राष्ट्रवाद | ||
| 260 |
_aजयपुर _bआविष्कार पब्लिशर्स डिस्ट्रीब्यूटर्स |
||
| 650 |
_aPhilosophy _948341 |
||
| 942 |
_2ddc _cHIN |
||
| 999 |
_c53614 _d53614 |
||